ბათუმის შოთა რუსთაველის სახელმწიფო უნივერსიტეტის ბიბლიოთეკა

ქართველური მემკვიდრეობაIV (ბიბ.ჩანაწერი № 52479)

000 -LEADER
fixed length control field 01058nam a2200205Ia 4500
001 - CONTROL NUMBER
control field 19502
003 - CONTROL NUMBER IDENTIFIER
control field GE_BSU
008 - FIXED-LENGTH DATA ELEMENTS--GENERAL INFORMATION
fixed length control field 181216s||||||||xx |||||||||||||| ||und||
040 ## - CATALOGING SOURCE
Transcribing agency GE_BSU
245 ## - TITLE STATEMENT
Title ქართველური მემკვიდრეობაIV
245 ## - TITLE STATEMENT
Statement of responsibility, etc. სარედ;საბჭ: იოსებ ასათიანი,როლანდ თოფჩიშვილი და სხვ.რედ:ტარიელ ფუტკარაძე
260 ## - PUBLICATION, DISTRIBUTION, ETC.
Place of publication, distribution, etc. ქუთაისი
260 ## - PUBLICATION, DISTRIBUTION, ETC.
Name of publisher, distributor, etc. აკაკი წერეთლის სახელმწ. უნ-ტის გამ-ბა
260 ## - PUBLICATION, DISTRIBUTION, ETC.
Date of publication, distribution, etc. 2000
300 ## - PHYSICAL DESCRIPTION
Extent 430გვ;24სმ.
653 ## - INDEX TERM--UNCONTROLLED
Uncontrolled term სიმპოზიუმის ძირითადი თემა:ენობრივ-კულტურული სიტუაციის ისტორიული დინამიკა საქართველოში
653 ## - INDEX TERM--UNCONTROLLED
Uncontrolled term ქართველური მემკვიდრეობა IV
942 ## - ADDED ENTRY ELEMENTS (KOHA)
Koha item type წიგნი
ეგზემპლარები
Withdrawn status Lost status Damaged status Not for loan Date acquired Barcode Date last seen Price effective from Koha item type
        2018-12-17 48558 2018-12-17 2018-12-17 წიგნი